000 00327nam a2200133Ia 4500
008 190216s9999||||xx |||||||||||||| ||und||
100 _aMurray And Spiegel
245 0 _aTheory And Problems Of Laplace
250 _a1st Ed.
260 _bSchaum`S Outline Series
_c1965
300 _a261
650 _aMathematics
942 _cBK
999 _c30887
_d30887